000 00561nam a22001937a 4500
999 _c158472
_d158472
005 20181030133535.0
010 _aB-710675
020 _a9780143334224
_c250.00
035 _aB-710675
037 _bGift
082 _aS
100 _aBroome, Leela Gour
245 _aRed kite adventure /
_cLeela Gour Broome
260 _aGurgaon
_bPenguin Group
_c2016
270 _a7th Floor, Infinity Tower C, DLF Cyber City
_bGurgaon
_e122002
300 _a223p.
_c20cm (pbk)
942 _2ddc
_cEN
_hS
_mBRO